000 00357nam a2200157Ia 4500
005 20250423094403.0
008 250422s9999 xx 000 0 und d
020 _a0- 03- 041664- 7
050 _aQA 159.2 .A44/
245 0 _aAlgebra 2
260 _aOrlando
260 _bHolt, Rinehart and Winston
260 _c2007
300 _a1047 p
942 _cBK
999 _c27089
_d27089